000 00325nab a22001097u 4500
008 130520b2000 xxu||||| |||| 00| 0 spa d
041 _aspa
100 1 _aLopes, Mercedes
_970650
245 0 0 _aMujeres que se inventan salidas
_cMercedes Lopes
773 0 _tAlternativas
_gV.7, nº16-17,2000,págs. 39-50
_x0
_wRev15
942 _cAR
999 _c364460
_d364460